00708nam a2200217Ia 4500008004100000020001500041040001800056041000800074100002400082245012700106250001200233260004200245300001800287504002100305650002200326650003700348650003300385650002700418650001800445700002700463130821s1988 mx gr spa  a9681203933 aCo-BoUCMbspa aspa1 aGarza Mercado, Ario10aManual de técnicas de investigación para estudiantes de ciencias socialescArio Garza Mercado ; El Colegio de México a4a. ed. aMéxico D.F. (México)bHarlac1988 a351 páginas aIncluye índice04aCiencias sociales04aCiencias socialesxMetodología04aInvestigación científica04aInvestigación social04aMetodología aEl Colegio de México